[Event "Solta op 7th"]
[Site "Grohote"]
[Date "2024.07.02"]
[Round "4"]
[White "Tomas, Ante"]
[Black "Plaskan, Jure"]
[Result "1/2-1/2"]
[WhiteElo "2095"]
[BlackElo "2228"]
[PlyCount "83"]
[EventDate "2024.06.29"]
[EventType "swiss"]
[EventRounds "9"]
[EventCountry "CRO"]
[SourceTitle "CBM 221 Extra"]
[Source "ChessBase"]
[SourceDate "2024.09.30"]
[SourceVersion "1"]
[SourceVersionDate "2024.09.30"]
[SourceQuality "1"]

1. e4 c5 2. Nf3 e6 3. d4 cxd4 4. Nxd4 a6 5. Bd3 Bc5 6. Be3 Qb6 7. c3 Nc6 8. Nd2 Nxd4 9. Nc4 Qd8 10. cxd4 Bb4+ 11. Nd2 Ne7 12. 0-0 0-0 13. e5 Nd5 14. Ne4 Be7 15. Qh5 g6 16. Qh6 f6 17. exf6 Bxf6 18. Nxf6+ Qxf6 19. Be4 Ne7 20. Bg5 Nf5 21. Bxf5 Qxf5 22. Rac1 b6 23. Rc7 Qd5 24. Be3 Bb7 25. f3 Rf5 26. Qh4 Re8 27. Qe4 Qxe4 28. fxe4 Rxf1+ 29. Kxf1 Bc6 30. Bh6 Kf7 31. Kf2 Kf6 32. h4 Ke7 33. Ke3 Kd6 34. Ra7 e5 35. d5 Bb5 36. b3 Bf1 37. Kf2 Bd3 38. Ke3 Bf1 39. Kf2 Bd3 40. Ke3 Bf1 41. g3 Rb8 42. Kf2 1/2-1/2

[Event "Bosnjaci op 28th"]
[Site "Bosnjaci"]
[Date "2024.01.05"]
[Round "4"]
[White "Tomas, Ante"]
[Black "Jocev, Milan"]
[Result "1/2-1/2"]
[WhiteElo "2014"]
[BlackElo "2376"]
[PlyCount "51"]
[EventDate "2024.01.03"]
[EventType "swiss"]
[EventRounds "9"]
[EventCountry "CRO"]
[SourceTitle "CBM 218 Extra"]
[Source "ChessBase"]
[SourceDate "2024.03.31"]
[SourceVersion "1"]
[SourceVersionDate "2024.03.31"]
[SourceQuality "1"]

1. d4 d5 2. c4 c6 3. cxd5 cxd5 4. Nc3 Nf6 5. Bf4 Nc6 6. e3 Bf5 7. Nf3 e6 8. Qb3 Bb4 9. Ne5 Bxc3+ 10. bxc3 Nxe5 11. Bxe5 0-0 12. Qxb7 Ne4 13. Ba6 f6 14. Bc7 Qe8 15. 0-0 Rf7 16. Rfb1 Nd6 17. Qxa8 Qxa8 18. Rb8+ Qxb8 19. Bxb8 Rd7 20. f3 Bg6 21. Kf2 Rd8 22. Bc7 Rd7 23. Ba5 Nc4 24. Bb4 Rc7 25. Bc5 Nb2 26. a4 1/2-1/2

[Event "Hvar op"]
[Site "Hvar"]
[Date "2023.10.21"]
[Round "9"]
[White "Tomas, Ante"]
[Black "Lavrov, Maxim1"]
[Result "0-1"]
[WhiteElo "1967"]
[BlackElo "2173"]
[PlyCount "87"]
[EventDate "2023.10.15"]
[EventType "swiss"]
[EventRounds "9"]
[EventCountry "CRO"]
[SourceTitle "CBM 216 Extra"]
[Source "ChessBase"]
[SourceDate "2023.11.30"]
[SourceVersion "1"]
[SourceVersionDate "2023.11.30"]
[SourceQuality "1"]

1. e4 c6 2. c4 d5 3. exd5 cxd5 4. cxd5 Nf6 5. Nc3 Nxd5 6. Nf3 Nc6 7. Bb5 a6 8. Bxc6+ bxc6 9. 0-0 Nxc3 10. bxc3 Bg4 11. h3 Bxf3 12. Qxf3 Qd5 13. Qxd5 cxd5 14. Ba3 Kd7 15. Rab1 Kc7 16. Bb4 a5 17. Bc5 e6 18. Bb6+ Kc6 19. Bd4 Bc5 20. Bxg7 Rhb8 21. Be5 Bd6 22. Bxd6 Kxd6 23. a4 Kc5 24. d3 d4 25. Rfc1 Rxb1 26. cxd4+ Kb4 27. Rxb1+ Kxa4 28. Rb7 Ka3 29. g4 a4 30. g5 Rg8 31. h4 h6 32. Rxf7 hxg5 33. h5 Rh8 34. Rf6 Kb3 35. Rxe6 Ra8 36. Kg2 a3 37. Kg3 a2 38. Re1 a1Q 39. Rxa1 Rxa1 40. Kg4 Kc3 41. Kxg5 Kxd4 42. f4 Kd5 43. Kg6 Ke6 44. h6 0-1

[Event "Hvar Arsenal blitz op 2nd"]
[Site "Hvar"]
[Date "2023.10.19"]
[Round "6"]
[White "Grgantov, Marin"]
[Black "Tomas, Ante"]
[Result "0-1"]
[WhiteElo "2213"]
[BlackElo "2022"]
[PlyCount "64"]
[EventDate "2023.10.19"]
[EventType "swiss (blitz)"]
[EventRounds "11"]
[EventCountry "CRO"]
[SourceTitle "CBM 216 Extra"]
[Source "ChessBase"]
[SourceDate "2023.11.30"]
[SourceVersion "1"]
[SourceVersionDate "2023.11.30"]
[SourceQuality "1"]

1. e4 e5 2. Nf3 Nc6 3. d4 exd4 4. Bc4 Nf6 5. e5 d5 6. Bb5 Ne4 7. Nxd4 Bc5 8. Be3 0-0 9. Bxc6 bxc6 10. 0-0 Qe8 11. f3 Nd6 12. f4 Nc4 13. Bc1 f6 14. exf6 Ne3 15. Qd3 Nxf1 16. fxg7 Kxg7 17. Kxf1 Bxd4 18. Qxd4+ Kg8 19. Nc3 Ba6+ 20. Kf2 Qe6 21. Be3 Rae8 22. Re1 Qf6 23. Qxf6 Rxf6 24. g3 Rfe6 25. Bd2 Rxe1 26. Bxe1 d4 27. Na4 Re2+ 28. Kf1 Rxc2+ 29. Kg1 Rc4 30. b3 Rc1 31. Kf2 Bb5 32. Nb2 Rc2+ 0-1

[Event "Hvar Arsenal blitz op 2nd"]
[Site "Hvar"]
[Date "2023.10.19"]
[Round "7"]
[White "Tomas, Ante"]
[Black "Gal, Andrej"]
[Result "1-0"]
[WhiteElo "2022"]
[BlackElo "2037"]
[PlyCount "31"]
[EventDate "2023.10.19"]
[EventType "swiss (blitz)"]
[EventRounds "11"]
[EventCountry "CRO"]
[SourceTitle "CBM 216 Extra"]
[Source "ChessBase"]
[SourceDate "2023.11.30"]
[SourceVersion "1"]
[SourceVersionDate "2023.11.30"]
[SourceQuality "1"]

1. d4 Nf6 2. Bg5 d5 3. Bxf6 exf6 4. e3 c6 5. g3 Bd6 6. Bg2 0-0 7. Ne2 Nd7 8. 0-0 f5 9. Nd2 Nf6 10. c4 dxc4 11. Nxc4 Bc7 12. Nf4 Qe7 13. a4 Be6 14. Rc1 Rad8 15. Qb3 Bb8 16. a5 1-0

[Event "Bosnjaci op 27th"]
[Site "Bosnjaci"]
[Date "2023.01.07"]
[Round "7"]
[White "Zovko, Mario"]
[Black "Tomas, Ante"]
[Result "1-0"]
[WhiteElo "2304"]
[BlackElo "2126"]
[PlyCount "84"]
[EventDate "2023.01.03"]
[EventType "swiss"]
[EventRounds "9"]
[EventCountry "CRO"]
[SourceTitle "CBM 212 Extra"]
[Source "ChessBase"]
[SourceDate "2023.03.31"]
[SourceVersion "1"]
[SourceVersionDate "2023.03.31"]
[SourceQuality "1"]

1. e4 c6 2. Nf3 d5 3. d3 dxe4 4. dxe4 Qxd1+ 5. Kxd1 Bg4 6. Nbd2 Nd7 7. Be2 e5 8. Ne1 Bxe2+ 9. Kxe2 f6 10. Nd3 Nc5 11. Nxc5 Bxc5 12. Nc4 0-0-0 13. c3 b5 14. Be3 Bxe3 15. Nxe3 Ne7 16. b4 Kb7 17. a4 a6 18. Ra2 Ra8 19. h4 Rhd8 20. Rha1 h5 21. Nf1 Ng6 22. g3 Nf8 23. Nd2 Ne6 24. Nb3 Kb6 25. Ke3 g6 26. f4 Rg8 27. Nd2 exf4+ 28. gxf4 f5 29. e5 Rgd8 30. Rg1 Ra7 31. a5+ Kc7 32. Nb3 Kc8 33. Nd4 Nxd4 34. cxd4 Rg7 35. Rc2 Kd7 36. Rgc1 Ke8 37. Rxc6 Rgd7 38. Rd1 Kf8 39. Rxg6 Rc7 40. Rf6+ Kg7 41. Rg1+ Kh7 42. Rxf5 Kh6 1-0

[Event "Bosnjaci op 27th"]
[Site "Bosnjaci"]
[Date "2023.01.05"]
[Round "4"]
[White "Tomas, Ante"]
[Black "Rosic, Slavko S"]
[Result "1-0"]
[WhiteElo "2126"]
[BlackElo "2295"]
[PlyCount "67"]
[EventDate "2023.01.03"]
[EventType "swiss"]
[EventRounds "9"]
[EventCountry "CRO"]
[SourceTitle "CBM 212 Extra"]
[Source "ChessBase"]
[SourceDate "2023.03.31"]
[SourceVersion "1"]
[SourceVersionDate "2023.03.31"]
[SourceQuality "1"]

1. e4 d6 2. d4 Nf6 3. Nc3 g6 4. f4 Bg7 5. Nf3 c6 6. Be3 0-0 7. e5 dxe5 8. dxe5 Nd5 9. Nxd5 cxd5 10. Be2 Nc6 11. 0-0 Bg4 12. h3 Bxf3 13. Bxf3 e6 14. c4 dxc4 15. Bxc6 bxc6 16. Bc5 Re8 17. Qxd8 Rexd8 18. Rac1 Rd2 19. Rf2 Rxf2 20. Bxf2 Rb8 21. Rxc4 Rxb2 22. Rxc6 Bh6 23. Rc8+ Kg7 24. Bc5 g5 25. f5 Rc2 26. Bf8+ Kg8 27. Bc5+ Kg7 28. Bf8+ Kg8 29. Rxc2 Kxf8 30. f6 Ke8 31. Rc8+ Kd7 32. Rh8 g4 33. Rxh7 Be3+ 34. Kf1 1-0

[Event "Hvar Arsenal op"]
[Site "Hvar"]
[Date "2022.10.11"]
[Round "5"]
[White "Arnold, Jan1"]
[Black "Tomas, Ante"]
[Result "0-1"]
[WhiteElo "1865"]
[BlackElo "2137"]
[PlyCount "84"]
[EventDate "2022.10.08"]
[EventType "swiss"]
[EventRounds "9"]
[EventCountry "CRO"]
[SourceTitle "CBM 210 Extra"]
[Source "ChessBase"]
[SourceDate "2022.11.30"]
[SourceVersion "1"]
[SourceVersionDate "2022.11.30"]
[SourceQuality "1"]

1. e4 e5 2. d4 Nc6 3. d5 Nce7 4. c4 Nf6 5. Nc3 Ng6 6. Be3 Bb4 7. Bd3 Bxc3+ 8. bxc3 d6 9. f3 Nh5 10. g3 0-0 11. Qc2 Ne7 12. Ne2 f5 13. 0-0-0 fxe4 14. Bxe4 Nf6 15. Bd3 Kh8 16. f4 e4 17. Bxe4 Nxe4 18. Qxe4 Bf5 19. Qg2 Qd7 20. g4 Bg6 21. f5 Nxf5 22. gxf5 Qxf5 23. Nf4 Qb1+ 24. Kd2 Qc2+ 25. Ke1 Qxc3+ 26. Qd2 Qxc4 27. Nxg6+ hxg6 28. Rg1 Rae8 29. Rc1 Qe4 30. Rc3 Qb1+ 31. Rc1 Qe4 32. Rc3 Rf3 33. Rg3 Qb1+ 34. Qd1 Rf1+ 35. Kxf1 Qxd1+ 36. Kg2 Qe2+ 37. Bf2 Rf8 38. Rcf3 Qe4 39. Bxa7 Qxd5 40. Be3 Qxa2+ 41. Kh3 Qe6+ 42. Kh4 Qe4+ 0-1

[Event "Hvar Arsenal blitz op"]
[Site "Hvar"]
[Date "2022.10.11"]
[Round "8"]
[White "Tomas, Ante"]
[Black "Simunkovic, Bartol"]
[Result "1-0"]
[WhiteElo "2083"]
[BlackElo "1408"]
[PlyCount "85"]
[EventDate "2022.10.11"]
[EventType "swiss (blitz)"]
[EventRounds "11"]
[EventCountry "CRO"]
[SourceTitle "CBM 210 Extra"]
[Source "ChessBase"]
[SourceDate "2022.11.30"]
[SourceVersion "1"]
[SourceVersionDate "2022.11.30"]
[SourceQuality "1"]

1. d4 Nf6 2. Bg5 g6 3. Bxf6 exf6 4. c4 f5 5. e3 Bg7 6. Nc3 0-0 7. g3 Nc6 8. Bg2 d6 9. Nge2 Re8 10. 0-0 Bd7 11. Rb1 a5 12. a3 Qe7 13. Nd5 Qd8 14. b4 axb4 15. axb4 Be6 16. b5 Bxd5 17. Bxd5 Na5 18. Qc2 c6 19. Bg2 Qc7 20. Nf4 Red8 21. Rfc1 Bh6 22. Nd3 Rac8 23. b6 Qd7 24. Ra1 Ra8 25. Ra2 Ra6 26. Rca1 Rda8 27. Qc3 Rxb6 28. Rxa5 Rb8 29. Ra8 Qc7 30. Rxb8+ Qxb8 31. Qa5 Ra6 32. Qc3 Rb6 33. c5 dxc5 34. Qxc5 Rb5 35. Qa7 Qc7 36. Qa8+ Kg7 37. Ne5 Bg5 38. Bf1 Rb2 39. Qa3 Qb6 40. Qc5 Qc7 41. Qc3 Qb6 42. Nc4 Qb3 43. Qxb2 1-0

[Event "Hvar Arsenal op"]
[Site "Hvar"]
[Date "2022.10.08"]
[Round "1"]
[White "Novak, Simona"]
[Black "Tomas, Ante"]
[Result "0-1"]
[WhiteElo "1657"]
[BlackElo "2137"]
[PlyCount "50"]
[EventDate "2022.10.08"]
[EventType "swiss"]
[EventRounds "9"]
[EventCountry "CRO"]
[SourceTitle "CBM 210 Extra"]
[Source "ChessBase"]
[SourceDate "2022.11.30"]
[SourceVersion "1"]
[SourceVersionDate "2022.11.30"]
[SourceQuality "1"]

1. e4 c5 2. Nf3 g6 3. c4 Bg7 4. Nc3 Nc6 5. Be2 Nd4 6. e5 Nxf3+ 7. Bxf3 Bxe5 8. 0-0 Bg7 9. Re1 e6 10. Nb5 d6 11. d3 a6 12. Nc3 Ne7 13. Bg5 h6 14. Bd2 0-0 15. Rb1 Nf5 16. g3 Qc7 17. Qc1 Bd7 18. b4 Bc6 19. Ne4 Nd4 20. Bd1 f5 21. b5 axb5 22. cxb5 Bxb5 23. Bxh6 fxe4 24. Bxg7 Qxg7 25. a3 Bxd3 0-1

[Event "CRO-chT1B 30th"]
[Site "Porec"]
[Date "2022.10.01"]
[Round "8.36"]
[White "Tomas, Ante"]
[Black "Fajdetic, Hrvoje"]
[Result "1-0"]
[WhiteElo "2137"]
[BlackElo "2157"]
[PlyCount "73"]
[EventDate "2022.09.24"]
[EventType "team-tourn"]
[EventRounds "9"]
[EventCountry "CRO"]
[SourceTitle "CBM 210 Extra"]
[Source "ChessBase"]
[SourceDate "2022.11.30"]
[SourceVersion "1"]
[SourceVersionDate "2022.11.30"]
[SourceQuality "1"]
[WhiteTeam "Split Brda"]
[BlackTeam "Zagreb Mladost"]
[WhiteTeamCountry "CRO"]
[BlackTeamCountry "CRO"]

1. e4 e6 2. d4 d5 3. Nc3 dxe4 4. Nxe4 Nd7 5. Nf3 Ngf6 6. Bd3 Nxe4 7. Bxe4 Nf6 8. Bd3 c5 9. Be3 Nd5 10. Ne5 Bd6 11. Qh5 Bxe5 12. dxe5 Nxe3 13. fxe3 g6 14. Qh6 c4 15. Qg7 Rf8 16. 0-0-0 cxd3 17. Rxd3 Bd7 18. Rhd1 Qe7 19. Rxd7 Qxd7 20. Qxf8+ Kxf8 21. Rxd7 Rb8 22. b4 a6 23. Kb2 b5 24. Kb3 g5 25. Ra7 Rb6 26. Rc7 h5 27. c4 bxc4+ 28. Kxc4 Ke8 29. a4 g4 30. Kc5 Rb8 31. b5 axb5 32. axb5 Rd8 33. b6 Rd5+ 34. Kc6 Kd8 35. Rxf7 Rd2 36. b7 Rc2+ 37. Kd6 1-0

[Event "CRO-chT1B 30th"]
[Site "Porec"]
[Date "2022.09.30"]
[Round "7.46"]
[White "Mainenti, Kevin"]
[Black "Tomas, Ante"]
[Result "0-1"]
[WhiteElo "1910"]
[BlackElo "2137"]
[PlyCount "92"]
[EventDate "2022.09.24"]
[EventType "team-tourn"]
[EventRounds "9"]
[EventCountry "CRO"]
[SourceTitle "CBM 210 Extra"]
[Source "ChessBase"]
[SourceDate "2022.11.30"]
[SourceVersion "1"]
[SourceVersionDate "2022.11.30"]
[SourceQuality "1"]
[WhiteTeam "Porec Gortan"]
[BlackTeam "Split Brda"]
[WhiteTeamCountry "CRO"]
[BlackTeamCountry "CRO"]

1. e4 c5 2. Nf3 g6 3. d4 cxd4 4. Nxd4 Bg7 5. Nc3 Nc6 6. Be3 Nf6 7. Be2 0-0 8. f4 d5 9. e5 Ne4 10. Nxe4 dxe4 11. Nxc6 bxc6 12. Qxd8 Rxd8 13. Bc5 e6 14. Bd6 Bf8 15. 0-0-0 Bxd6 16. Rxd6 Rxd6 17. exd6 Bb7 18. b4 Kf8 19. Kb2 a5 20. a3 Ke8 21. Rd1 Kd7 22. c4 axb4 23. axb4 c5 24. Kb3 Kc6 25. bxc5 Kxc5 26. d7 Rd8 27. Ra1 Rxd7 28. Kc3 f6 29. Ra5+ Kb6 30. Kb4 Rd2 31. c5+ Kc7 32. Bb5 e3 33. Kc3 Rxg2 34. Ra7 Kb8 35. Ra1 Bd5 36. Kd3 Rb2 37. Bd7 e2 38. Ke3 Rc2 39. Bb5 Rxc5 40. Bxe2 Rc3+ 41. Kd4 Rc2 42. Bf1 Kc7 43. Re1 Kd6 44. h4 Ra2 45. h5 Ra3 46. Bd3 e5+ 0-1

[Event "CRO-chT1B 30th"]
[Site "Porec"]
[Date "2022.09.27"]
[Round "4.16"]
[White "Tomas, Ante"]
[Black "Klobucar, Dean"]
[Result "0-1"]
[WhiteElo "2137"]
[BlackElo "2196"]
[PlyCount "94"]
[EventDate "2022.09.24"]
[EventType "team-tourn"]
[EventRounds "9"]
[EventCountry "CRO"]
[SourceTitle "CBM 210 Extra"]
[Source "ChessBase"]
[SourceDate "2022.11.30"]
[SourceVersion "1"]
[SourceVersionDate "2022.11.30"]
[SourceQuality "1"]
[WhiteTeam "Split Brda"]
[BlackTeam "Rijeka Rijeka"]
[WhiteTeamCountry "CRO"]
[BlackTeamCountry "CRO"]

1. e4 e6 2. d4 d5 3. Nc3 Bb4 4. e5 c5 5. a3 cxd4 6. axb4 dxc3 7. bxc3 Ne7 8. Nf3 Qc7 9. Bd3 Qxc3+ 10. Bd2 Qc7 11. 0-0 Nd7 12. Re1 Nb6 13. Ng5 h6 14. Qh5 g6 15. Qh3 Nc4 16. Bc1 a5 17. Nf3 a4 18. Qh4 Ng8 19. Bg5 b5 20. Be3 Qd8 21. Qg3 Bd7 22. Bxg6 Nxe3 23. Rxe3 Ne7 24. Bd3 Qc7 25. Qh4 Qc3 26. Ree1 a3 27. Qd4 Qc7 28. Ra2 Nc6 29. Qc5 Qa7 30. Bxb5 Qxc5 31. bxc5 Nb4 32. c6 Nxa2 33. cxd7+ Kd8 34. Nd4 Kc7 35. Nc6 Nc3 36. d8Q+ Rhxd8 37. Nxd8 Nxb5 38. Nxf7 a2 39. Ra1 Nd4 40. g4 Nxc2 41. Rxa2 Rxa2 42. h4 d4 43. g5 hxg5 44. Nxg5 Kd7 45. h5 d3 46. Ne4 Ke7 47. h6 Kf7 0-1

[Event "Hum na Sutli op 14th"]
[Site "Hum na Sutli"]
[Date "2022.08.26"]
[Round "9"]
[White "Tomas, Ante"]
[Black "Zadravec, Matija"]
[Result "1/2-1/2"]
[WhiteElo "2131"]
[BlackElo "2255"]
[PlyCount "59"]
[EventDate "2022.08.20"]
[EventType "swiss"]
[EventRounds "9"]
[EventCountry "CRO"]
[SourceTitle "CBM 210 Extra"]
[Source "ChessBase"]
[SourceDate "2022.11.30"]
[SourceVersion "1"]
[SourceVersionDate "2022.11.30"]
[SourceQuality "1"]

1. d4 Nf6 2. c4 e6 3. g3 Bb4+ 4. Bd2 Qe7 5. Bg2 Bxd2+ 6. Qxd2 d5 7. Nf3 0-0 8. 0-0 Nc6 9. Qc2 e5 10. dxe5 Nxe5 11. Nbd2 Nxf3+ 12. Nxf3 c6 13. cxd5 Nxd5 14. Nd4 Bg4 15. h3 Bh5 16. e4 Bg6 17. Nf5 Bxf5 18. exf5 Rad8 19. Rfe1 Qf6 20. Rad1 Rd7 21. g4 h6 22. Bxd5 cxd5 23. Qc5 Rfd8 24. Qd4 Qh4 25. Kg2 a6 26. Rd3 Qf6 27. Qxf6 gxf6 28. f4 d4 29. Kf3 Kg7 30. Red1 1/2-1/2

[Event "Hum na Sutli op 14th"]
[Site "Hum na Sutli"]
[Date "2022.08.25"]
[Round "8"]
[White "Medancic, Rikard"]
[Black "Tomas, Ante"]
[Result "1/2-1/2"]
[WhiteElo "2135"]
[BlackElo "2131"]
[PlyCount "59"]
[EventDate "2022.08.20"]
[EventType "swiss"]
[EventRounds "9"]
[EventCountry "CRO"]
[SourceTitle "CBM 210 Extra"]
[Source "ChessBase"]
[SourceDate "2022.11.30"]
[SourceVersion "1"]
[SourceVersionDate "2022.11.30"]
[SourceQuality "1"]

1. d4 Nf6 2. c4 e6 3. Nc3 Bb4 4. Nf3 c5 5. g3 Bxc3+ 6. bxc3 Qa5 7. Qb3 Ne4 8. dxc5 Na6 9. Bg2 Naxc5 10. Qb4 Qc7 11. Nd4 a6 12. Nb3 d6 13. Be3 Nxb3 14. Bb6 Nxa1 15. Bxe4 a5 16. Qb5+ Qd7 17. Kd2 Qxb5 18. cxb5 d5 19. Bd3 Bd7 20. Rxa1 0-0 21. a4 e5 22. e3 Rfe8 23. e4 Be6 24. exd5 Bxd5 25. c4 Bf3 26. Ke3 e4 27. Bf1 Bg4 28. h3 Be6 29. Kd2 f5 30. Kc3 1/2-1/2

[Event "Hum na Sutli op 14th"]
[Site "Hum na Sutli"]
[Date "2022.08.22"]
[Round "5"]
[White "Zaja, Ivan"]
[Black "Tomas, Ante"]
[Result "1-0"]
[WhiteElo "2424"]
[BlackElo "2131"]
[PlyCount "49"]
[EventDate "2022.08.20"]
[EventType "swiss"]
[EventRounds "9"]
[EventCountry "CRO"]
[SourceTitle "CBM 210 Extra"]
[Source "ChessBase"]
[SourceDate "2022.11.30"]
[SourceVersion "1"]
[SourceVersionDate "2022.11.30"]
[SourceQuality "1"]

1. d4 Nf6 2. c4 e6 3. Nc3 Bb4 4. g3 c5 5. Nf3 b6 6. Bg2 Bb7 7. 0-0 Bxc3 8. bxc3 d6 9. d5 e5 10. Nh4 0-0 11. e4 Re8 12. f4 exf4 13. Bxf4 Bc8 14. Bg5 Nbd7 15. Nf5 Ne5 16. Nxg7 Kxg7 17. Bxf6+ Qxf6 18. Rxf6 Kxf6 19. Qh5 Ke7 20. Rf1 Kd8 21. Rf6 Kc7 22. Rxf7+ Nxf7 23. Qxf7+ Kd8 24. Qxh7 Rb8 25. Qg6 1-0

[Event "Hum na Sutli op 14th"]
[Site "Hum na Sutli"]
[Date "2022.08.21"]
[Round "4"]
[White "Novak, Ivo"]
[Black "Tomas, Ante"]
[Result "0-1"]
[WhiteElo "1930"]
[BlackElo "2131"]
[PlyCount "82"]
[EventDate "2022.08.20"]
[EventType "swiss"]
[EventRounds "9"]
[EventCountry "CRO"]
[SourceTitle "CBM 210 Extra"]
[Source "ChessBase"]
[SourceDate "2022.11.30"]
[SourceVersion "1"]
[SourceVersionDate "2022.11.30"]
[SourceQuality "1"]

1. e4 e5 2. Nf3 f5 3. Nxe5 Nc6 4. Nxc6 dxc6 5. Qh5+ g6 6. Qe2 Qe7 7. d3 Be6 8. exf5 gxf5 9. Nc3 0-0-0 10. Bd2 Qf7 11. 0-0-0 Bxa2 12. Qe5 Be6 13. Qxh8 Nf6 14. Be2 Bg7 15. Qxd8+ Kxd8 16. h3 b5 17. Bf3 b4 18. Ne2 Nd5 19. d4 b3 20. c3 f4 21. Be4 Bf5 22. f3 Qg6 23. Nxf4 Nxf4 24. Bxf4 Bxe4 25. fxe4 Qxe4 26. Bg5+ Kc8 27. Rd2 Qf5 28. h4 Qa5 29. Rdd1 Qa1+ 30. Kd2 Qxb2+ 31. Kd3 Qxg2 32. Rhg1 Qf3+ 33. Kc4 Qd5+ 34. Kd3 Qf5+ 35. Ke3 Qh3+ 36. Kd2 Qh2+ 37. Kd3 Qc2+ 38. Kc4 b2 39. Rge1 Bf8 40. Rb1 Bd6 41. Be3 a5 0-1

[Event "Hum na Sutli op 14th"]
[Site "Hum na Sutli"]
[Date "2022.08.20"]
[Round "1"]
[White "Tomas, Ante"]
[Black "Struklec, Milan"]
[Result "1-0"]
[WhiteElo "2131"]
[BlackElo "1758"]
[PlyCount "89"]
[EventDate "2022.08.20"]
[EventType "swiss"]
[EventRounds "9"]
[EventCountry "CRO"]
[SourceTitle "CBM 210 Extra"]
[Source "ChessBase"]
[SourceDate "2022.11.30"]
[SourceVersion "1"]
[SourceVersionDate "2022.11.30"]
[SourceQuality "1"]

1. Nf3 Nf6 2. g3 d5 3. Bg2 Nc6 4. d4 h6 5. c4 e6 6. 0-0 Be7 7. Nc3 0-0 8. b3 a6 9. Bb2 Rb8 10. cxd5 exd5 11. Ne5 Na7 12. Rc1 c6 13. Qd3 Be6 14. Na4 Nc8 15. Nc5 Bxc5 16. Rxc5 Nd6 17. f3 Nb5 18. a4 Nc7 19. e4 Nd7 20. Nxd7 Qxd7 21. e5 Bh3 22. f4 Qf5 23. Qxf5 Bxf5 24. Rcc1 h5 25. Ba3 Rfe8 26. Bd6 Rbc8 27. h3 Ne6 28. Rfd1 g5 29. fxg5 Nxg5 30. Rf1 Be4 31. Rf4 Bxg2 32. Kxg2 Ne4 33. Rcf1 Re6 34. Rxf7 Rg6 35. Rxb7 Rxg3+ 36. Kh2 Rg7 37. Rg1 Rxg1 38. Kxg1 Nd2 39. Kf2 Ne4+ 40. Ke3 c5 41. dxc5 Nxc5 42. Bxc5 Rxc5 43. Kd4 Rc1 44. Kxd5 Rc3 45. e6 1-0

[Event "Split op 11th"]
[Site "Split"]
[Date "2022.07.24"]
[Round "9"]
[White "Francs, Marats"]
[Black "Tomas, Ante"]
[Result "1/2-1/2"]
[WhiteElo "1889"]
[BlackElo "2134"]
[PlyCount "52"]
[EventDate "2022.07.16"]
[EventType "swiss"]
[EventRounds "9"]
[EventCountry "CRO"]
[SourceTitle "CBM 209 Extra"]
[Source "ChessBase"]
[SourceDate "2022.09.30"]
[SourceVersion "1"]
[SourceVersionDate "2022.09.30"]
[SourceQuality "1"]

1. d4 Nf6 2. c4 e6 3. Nf3 b6 4. a3 Ba6 5. Qa4 Bb7 6. Nc3 Be7 7. Qc2 c5 8. dxc5 bxc5 9. e4 d6 10. Be2 Nc6 11. Be3 Ng4 12. Bd2 0-0 13. Rd1 Qb6 14. h3 Nge5 15. Be3 Ba6 16. Nb5 Nxf3+ 17. gxf3 Bxb5 18. cxb5 Nd4 19. Bxd4 cxd4 20. Qd2 Bf6 21. Rc1 Rfc8 22. 0-0 Rc5 23. f4 Rac8 24. a4 Qc7 25. Rxc5 Qxc5 26. Bd3 Bd8 1/2-1/2

[Event "CRO Cup"]
[Site "Vodice"]
[Date "2022.05.20"]
[Round "4.5"]
[White "Tomas, Ante"]
[Black "Bilobrk, Franjo"]
[Result "1/2-1/2"]
[WhiteElo "2117"]
[BlackElo "2347"]
[PlyCount "40"]
[EventDate "2022.05.18"]
[EventType "team-swiss"]
[EventRounds "6"]
[EventCountry "CRO"]
[SourceTitle "CBM 208 Extra"]
[Source "ChessBase"]
[SourceDate "2022.07.31"]
[SourceVersion "1"]
[SourceVersionDate "2022.07.31"]
[SourceQuality "1"]
[WhiteTeam "Split Brda"]
[BlackTeam "Bibinje Goran"]
[WhiteTeamCountry "CRO"]
[BlackTeamCountry "CRO"]

1. d4 Nf6 2. c4 e6 3. g3 d5 4. Nf3 dxc4 5. Bg2 Bb4+ 6. Bd2 a5 7. Qc2 b5 8. a4 c6 9. axb5 Bxd2+ 10. Nfxd2 Nd5 11. Qxc4 0-0 12. 0-0 cxb5 13. Qxb5 Ba6 14. Qxa5 Qxa5 15. Rxa5 Nc6 16. Bxd5 exd5 17. Rxd5 Bxe2 18. Re1 Bg4 19. f3 Be6 20. Rd6 Ne7 1/2-1/2

[Event "CRO Cup"]
[Site "Vodice"]
[Date "2022.05.19"]
[Round "2.4"]
[White "Tomas, Ante"]
[Black "Plenca, Jadranko"]
[Result "1/2-1/2"]
[WhiteElo "2117"]
[BlackElo "2443"]
[PlyCount "34"]
[EventDate "2022.05.18"]
[EventType "team-swiss"]
[EventRounds "6"]
[EventCountry "CRO"]
[SourceTitle "CBM 208 Extra"]
[Source "ChessBase"]
[SourceDate "2022.07.31"]
[SourceVersion "1"]
[SourceVersionDate "2022.07.31"]
[SourceQuality "1"]
[WhiteTeam "Split Brda"]
[BlackTeam "Split Mornar"]
[WhiteTeamCountry "CRO"]
[BlackTeamCountry "CRO"]

1. e4 e5 2. Nc3 Nf6 3. f4 d5 4. fxe5 Nxe4 5. Qf3 Nxc3 6. dxc3 c6 7. Bf4 Be6 8. Qg3 Nd7 9. Nf3 h6 10. h4 Nc5 11. Nd4 Qd7 12. Nxe6 Qxe6 13. Bd3 g6 14. 0-0-0 Bg7 15. Qe3 Nxd3+ 16. cxd3 h5 17. d4 0-0 1/2-1/2

[Event "Bosnjaci op 26th"]
[Site "Bosnjaci"]
[Date "2022.01.05"]
[Round "4"]
[White "Sipic, Hrvoje"]
[Black "Tomas, Ante"]
[Result "1-0"]
[WhiteElo "2221"]
[BlackElo "2124"]
[PlyCount "43"]
[EventDate "2022.01.03"]
[EventType "swiss"]
[EventRounds "9"]
[EventCountry "CRO"]
[SourceTitle "EXT 2023"]
[Source "ChessBase"]
[SourceDate "2022.10.05"]
[SourceVersion "1"]
[SourceVersionDate "2022.10.05"]
[SourceQuality "1"]

1. d4 d5 2. Bf4 Nf6 3. Nf3 c5 4. e3 Nc6 5. Be2 Bf5 6. Nc3 e6 7. 0-0 h6 8. Nb5 Rc8 9. dxc5 Bxc5 10. Nfd4 Bh7 11. Nxc6 bxc6 12. b4 Be7 13. Nxa7 Rc7 14. Qd4 Nd7 15. Bxc7 Qxc7 16. b5 Bf6 17. Qa4 Bxa1 18. Rxa1 cxb5 19. Bxb5 Ke7 20. Nc6+ Kf6 21. Qh4+ Kg6 22. Ne7# 1-0